Pulic administration : (Record no. 6067)

MARC details
000 -LEADER
fixed length control field 00368nam a22001217a 4500
008 - FIXED-LENGTH DATA ELEMENTS--GENERAL INFORMATION
fixed length control field 161031b xxu||||| |||| 00| 0 eng d
050 ## - LIBRARY OF CONGRESS CALL NUMBER
Classification number JA26.J68(2001 Vol.79)
245 ## - TITLE STATEMENT
Title Pulic administration :
Remainder of title Internatiobal quarterly . /
Statement of responsibility, etc. edited by R.A.W Rhodes .
250 ## - EDITION STATEMENT
Edition statement Vol.79.
260 ## - PUBLICATION, DISTRIBUTION, ETC.
Place of publication, distribution, etc. London .:
Name of publisher, distributor, etc. Blacknell Pub:
Date of publication, distribution, etc. 2001
300 ## - PHYSICAL DESCRIPTION
Extent 976 p.
Dimensions 24 cm.
942 ## - ADDED ENTRY ELEMENTS (KOHA)
Source of classification or shelving scheme Library of Congress Classification
Koha item type Books
Holdings
Withdrawn status Lost status Source of classification or shelving scheme Damaged status Not for loan Collection code Home library Current library Shelving location Date acquired Total Checkouts Full call number Barcode Date last seen Copy number Price effective from Koha item type
    Library of Congress Classification     Reference WISCONSIN INTERNATIONAL UNIVERSITY COLLEGE, GHANA - MAIN LIBRARY WISCONSIN INTERNATIONAL UNIVERSITY COLLEGE, GHANA - MAIN LIBRARY Law Library 31/10/2016   JA26.J68(2001 Vol.79) 245/068/16 31/10/2016 1 31/10/2016 Books

If you have any concerns or questions; kindly contact the library


© Powered by WIUC ICT DIRECTORATE